Automoto oficiálny orgán Slovenského autoklubu, Bratislava

Podrobná bibliografia
Médium: Časopis
Jazyk:slovenčina
Fyzický popis:5 zv. 30 cm
Vydavateľské údaje: Bratislava Oliver Pivarček 1946-1950
Bratislava Autoklub Republiky Československej
Bratislava Slovenský Autoklub
Predmet:

MARC

LEADER 00000cas a2200000 a 4500
001 vtls010300996
003 SK-MaSNL
005 20260228162915.0
008 110810d19461950xo mr|p 0 b0slo
038 |a SNKBUDS 
040 |a SNK  |b slo  |c SNK  |e AACR2 
041 0 |a slo 
044 |a xo  |c SK 
072 7 |a 796  |x Šport. Hry. Telesné cvičenia  |2 konspekt 
072 7 |a 629  |x Dopravné prostriedky  |2 konspekt 
080 |a 629.331  |2 2001 
080 |a 796.7  |2 2001 
080 |a 796/799  |2 2001 
080 |a 629.331:338.45  |2 2001 
245 0 0 |a Automoto  |b oficiálny orgán Slovenského autoklubu, Bratislava 
260 |a Bratislava  |b Oliver Pivarček  |c 1946-1950 
260 3 |3 7/1950-12/1950  |a Bratislava  |b Autoklub Republiky Československej 
260 2 |3 7/1947-6/1950  |a Bratislava  |b Slovenský Autoklub 
300 |a 5 zv.  |c 30 cm 
310 |a 1x mesačne 
362 0 |a Roč. I, č. 1 (15.2.1946)-roč. V, č. 12 (31.12.1950) 
500 |a Zmena podnázvu: od 1/1948, orgán Slovenského autoklubu 
500 |a Podnázov v tir.: úradný orgán Slovenského autoklubu; od 7/1950, orgán Autoklubu Republiky Československej 
500 |a Redaktori sa menia 
500 |a Tlač.: Slov. Grafia, úč. spol. v Bratislave; od 1/1949, Práca, n.p. v Žiline 
650 0 7 |a šport  |2 SNKPH  |9 1042 
650 0 7 |a motorizmus  |2 SNKPH  |9 3265 
650 0 7 |a automobilový priemysel  |2 SNKPH  |9 28623 
655 7 |a časopisy pre voľný čas  |2 SNKPH  |9 70337 
910 |a snk 
916 |a 1946-1950 
999 |c 8535  |d 10465 
952 |0 0  |1 0  |4 0  |7 0  |a SNK  |b SNK  |d 1997-08-27  |f 1  |i snk 25/47  |l 0  |o snkČSB 395/1/1946  |p 17A0091903  |r 2005-01-02 00:00:00  |t č. 1-12  |w 2026-02-21  |y PREZ 
952 |0 0  |1 0  |4 0  |7 0  |a SNK  |b SNK  |d 2014-11-04  |f 1  |i snk 2277/48  |l 0  |o snkČSB 395/2/1947  |p 17A0711329  |r 2026-02-21 20:32:35  |t č. 1-12  |w 2026-02-21  |y PREZ 
952 |0 0  |1 0  |4 0  |7 0  |a SNK  |b SNK  |d 2014-11-04  |f 1  |i snk 230/49  |l 0  |o snkČSB 395/3/1948  |p 17A0711328  |r 2026-02-21 20:32:35  |t č. 1-12  |w 2026-02-21  |y PREZ 
952 |0 0  |1 0  |4 0  |7 0  |a SNK  |b SNK  |d 2014-11-04  |f 1  |i snk 822/58  |l 0  |o snkČSB 395/4/1949  |p 17A0711327  |r 2026-02-21 20:32:35  |t č. 1-12  |w 2026-02-21  |y PREZ 
952 |0 0  |1 0  |4 0  |7 0  |a SNK  |b SNK  |d 2014-11-04  |f 1  |i snk 2/51  |l 0  |o snkČSB 395/5/1950  |p 17A0711082  |r 2026-02-21 20:32:35  |t č. 1-12  |w 2026-02-21  |y PREZ 
952 |0 0  |1 0  |4 0  |7 0  |a SNK  |b SNK  |d 2014-03-13  |i snk 1436/50  |l 0  |o snkČSB 395/5/1950 D1  |p 17A1022905  |r 2026-02-21 20:41:53  |t č. 1-12  |w 2026-02-21  |y PREZ 
952 |0 0  |1 0  |4 0  |7 0  |a SNK  |b SNK  |d 2014-03-13  |l 0  |o snkČSB 395/2/1947 D1  |p 17A1022902  |r 2026-02-21 20:41:53  |t č. 1-12  |w 2026-02-21  |y PREZ 
952 |0 0  |1 0  |4 0  |7 0  |a SNK  |b SNK  |d 2014-03-13  |i snkXI. 2030/55  |l 0  |o snkČSB 395/1/1946 D1  |p 17A1022921  |r 2026-02-21 20:41:53  |t č. 1-12  |w 2026-02-21  |y PREZ 
952 |0 0  |1 0  |4 0  |7 0  |8 1  |a SNK  |b SNK  |d 2014-03-13  |i snkVI. 3033/55  |l 0  |o snkČSB 395/3/1948 D1  |p 17A1022903  |r 2026-02-21 20:41:56  |t č. 1-12  |w 2026-02-21  |y PREZ 
952 |0 0  |1 0  |4 0  |7 0  |8 1  |a SNK  |b SNK  |d 2014-03-13  |i snkVI. 3032/55  |l 0  |o snkČSB 395/4/1949 D1  |p 17A1022904  |r 2026-02-21 20:41:57  |t č. 1-12  |w 2026-02-21  |y PREZ